[Event "Banff op"]
[Site "Banff"]
[Date "2021.11.14"]
[Round "5"]
[White "Wu, Jonathan"]
[Black "Nechio, Douglas Egidio Gome"]
[Result "1/2-1/2"]
[WhiteElo "1453"]
[BlackElo "1828"]
[PlyCount "85"]
[EventDate "2021.11.12"]
[EventType "swiss"]
[EventRounds "6"]
[EventCountry "CAN"]
[SourceTitle "CBM 205 Extra"]
[Source "ChessBase"]
[SourceDate "2022.01.31"]
[SourceVersion "1"]
[SourceVersionDate "2022.01.31"]
[SourceQuality "1"]

1. e4 c5 2. Nc3 g6 3. d4 cxd4 4. Qxd4 Nf6 5. Be3 Nc6 6. Qd2 Ng4 7. Bf4 Bg7 8. f3 Nf6 9. Bc4 Qa5 10. Nb5 Qxd2+ 11. Bxd2 0-0 12. Ne2 a6 13. Nbc3 b5 14. Bb3 Ne8 15. 0-0-0 Nd6 16. Nd5 e6 17. Bf4 exd5 18. Bxd6 Re8 19. Bxd5 Bb7 20. Nf4 Rac8 21. Kb1 Ba8 22. Nd3 Na5 23. Nb4 Bxd5 24. Nxd5 Kh8 25. Bb4 Nc4 26. Bc3 Na3+ 27. bxa3 Bxc3 28. Nxc3 Rxc3 29. Rxd7 Rec8 30. Rhd1 Kg7 31. R1d2 Rxa3 32. R7d3 Rac3 33. Kb2 b4 34. Re2 a5 35. Rxc3 Rxc3 36. f4 a4 37. e5 a3+ 38. Kc1 Rc4 39. g3 h5 40. Re3 h4 41. Kd2 hxg3 42. hxg3 Kh6 43. Rb3 1/2-1/2

[Event "South Wales op 16th"]
[Site "Cardiff"]
[Date "2019.07.07"]
[Round "1"]
[White "Nechio, Douglas Egidio Gome"]
[Black "Rudd, Jack"]
[Result "0-1"]
[WhiteElo "1819"]
[BlackElo "2275"]
[PlyCount "62"]
[EventDate "2019.07.07"]
[EventType "swiss"]
[EventRounds "9"]
[EventCountry "WLS"]
[SourceTitle "CBM 191 Extra"]
[Source "ChessBase"]
[SourceDate "2019.09.30"]
[SourceVersion "1"]
[SourceVersionDate "2019.09.30"]
[SourceQuality "1"]

1. e4 c6 2. d4 d5 3. e5 c5 4. dxc5 Nc6 5. a3 e6 6. Nf3 Bxc5 7. b4 Bb6 8. Bd3 Nge7 9. Bb2 Ng6 10. 0-0 0-0 11. Re1 Bd7 12. Nbd2 a5 13. b5 Nce7 14. a4 Rc8 15. Nb3 f6 16. exf6 gxf6 17. Qd2 e5 18. Bf1 Bg4 19. Rac1 Bxf3 20. gxf3 Nh4 21. Qe2 Neg6 22. f4 e4 23. f5 Nf3+ 24. Kh1 Qc7 25. Qxf3 exf3 26. fxg6 Bxf2 27. gxh7+ Kh8 28. Re6 Qg7 29. Bh3 Rxc2 30. Bxf6 Rxc1+ 31. Nxc1 Rxf6 0-1

[Event "Calgary op"]
[Site "Calgary"]
[Date "2016.07.31"]
[Round "7"]
[White "Nechio, Douglas Egidio Gome"]
[Black "Ebrahim Shirazi, Behrooz"]
[Result "0-1"]
[WhiteElo "1906"]
[BlackElo "2050"]
[PlyCount "90"]
[EventDate "2016.07.27"]
[EventType "swiss"]
[EventRounds "9"]
[EventCountry "CAN"]
[SourceTitle "CBM 173 Extra"]
[Source "ChessBase"]
[SourceDate "2016.08.29"]
[SourceVersion "1"]
[SourceVersionDate "2016.08.29"]
[SourceQuality "1"]

1. e4 e6 2. d3 d5 3. Qe2 Nf6 4. Nf3 b6 5. e5 Nfd7 6. g3 c5 7. Bg2 Nc6 8. Bf4 h6 9. h4 Be7 10. Nbd2 Ba6 11. c4 Nf8 12. a3 Ng6 13. Be3 d4 14. Bf4 Nxf4 15. gxf4 Qd7 16. h5 Bb7 17. Ne4 0-0-0 18. 0-0-0 Kb8 19. Rdg1 Rhe8 20. Bh3 Bf8 21. Rg3 b5 22. cxb5 Na5 23. Rhg1 Qd5 24. Nfd2 c4 25. dxc4 Nxc4 26. Nxc4 d3 27. Qxd3 Qxd3 28. Rxd3 Rxd3 29. Ned6 Re7 30. Bf1 Rd4 31. Na5 Rc7+ 32. Bc4 Bxd6 33. exd6 Rcxc4+ 34. Nxc4 Rxc4+ 35. Kd2 Rxf4 36. Rxg7 Kc8 37. Rh7 Rxf2+ 38. Ke3 Rf6 39. Kd4 Kd7 40. Rh8 Kxd6 41. Rb8 e5+ 42. Kc3 Kc7 43. Re8 Re6 44. Rf8 Re7 45. Rh8 e4 0-1